01120nam a2200289 i 450000500170000000800410001702000180005804000350007604100080011110000360011924501080015525000220026326400300028530000470031533600270036233700330038933800280042249000540045053400270050465000570053165000550058865000470064365000500069065000410074070000380078108400110081920220317000217.0310320s2013 ck a0 sgr s sp spa d a9789587048643 aCO-BoRNBPbspacCO-BoRNBPerda1 heng1 aWells, Rosemary,d1943-eautora13aLa increíble mamá de Robertactexto e ilustraciones de Rosemary Wells ; traducido por Yolanda Reyes aSegunda edición 1aBogotábAlfaguarac2013 a32 páginasbilustraciones a colorc28 cm atextobtxt2rdacontent asin mediaciónbn2rdamedia avolumenbnc2rdacarrier0 aNidos para la lectura ayo no leo alguien me lee tHazel's amazing mother17aÁlbumes infantiles estadounidensesySiglo XX2LEMB17aLiteratura infantil estadounidenseySiglo XX2LEMB17aMadres e hijosvÁlbumes infantiles2LEMB17aNiños traviesosvÁlbumes infantiles2LEMB17aLibros ilustrados para niños2LEMB1 aReyes, Yolandad1959-etraductora aA WEL2